Word Ladder: Jerry's Sitcom Quiz Stats

 Plays Quiz Updated Apr 17, 2018

Score 0/12 Timer 02:00
0 Plays Today
Clue 4-Letter Word % Correct
Brain locationHEAD
97.8%
BucketPAIL
96.8%
Accessory for a wedding dressVEIL
96.4%
Jugular, e.g.VEIN
95.9%
Famous Colorado ski resortVAIL
95.1%
Like a settled billPAID
94.9%
Gripped; graspedHELD
94.1%
Peruse; decipherREAD
90.2%
Military incursionRAID
88.1%
Former Senate majority leader HarryREID
86.5%
With last rung, half of a famous 90s sitcomSEIN
69.7%
With first rung, half of a famous 90s sitcomFELD
69.7%

Today's Daily Dose

Missing Word
Wicked Songs

Word Ladder
Blue Ivies

Get the Picture
Green on the Flag?

You're not logged in!

Compare scores with friends on all Sporcle quizzes.
OR
Log In

You Might Also Like...

Show Comments

Extras

Top Quizzes Today


Score Distribution

Your Account Isn't Verified!

In order to create a playlist on Sporcle, you need to verify the email address you used during registration. Go to your Sporcle Settings to finish the process.

Report this User

Report this user for behavior that violates our Community Guidelines.

Details: